| 000 | 004600000a22001210004500 | ||
|---|---|---|---|
| 100 | 1 | _aSabadell, Miguel Angel | |
| 245 | 1 | 0 | _aLos diez experimentos más bellos |
| 300 | _aVol.18, no.213 (2000),p.64-68 | ||
| 520 | _aAlgunos de los sabios más capaces, desde el perspicaz Eratóstenes hasta el piadoso Mendel, concibieron teorías de suma elegancia. Éstas son las diez más brillantes. | ||
| 650 | 1 | 4 | _aCIENCIA |
| 773 | 0 | _tRevista muy interesante | |
| 942 | _cANA | ||
| 999 |
_c63254 _d63254 |
||